Pays par groupes de musique célèbres - Statistiques

Statistiques générales
  • Ce quiz a été pris 422 fois
  • Le résultat moyen est 10 sur 15
Statistiques - réponses
Groupes Pays % Correct
Téléphone, IAM, Daft Punk France
96%
The Beatles, Muse, The Rolling Stones Royaume-Uni
93%
Nirvana, The Doors, Imagine Dragons États-Unis
92%
BTS, Blackpink, NewJeans Corée du Sud
87%
Rammstein, Scorpions, Tokio Hotel Allemagne
85%
ABBA, At the Gates, Ace of Base Suède
85%
U2, The Cranberries, Thin Lizzy Irlande
84%
AC/DC, Bee Gees, The Saints Australie
70%
Måneskin, Litfiba, Hopes Die Last Italie
67%
Rush, Simple Plan, Les Cowboys fringants Canada
62%
A-ha, Darkthrone, 1349 Norvège
38%
Nephew, Gasolin', Aqua Danemark
30%
BABYMETAL, Loudness, Flow Japon
28%
Little Big, Aria, Nytt Land Russie
23%
W&W, Nits, The Cats Pays-Bas
13%
Aucun quiz correspondant
Distribution des résultats
% des personnes avec chaque résultat
Percentile par nombre de réponses
Votre historique - résultats
Vous n’avez pas pris ce quiz